| 000 | 01065nam a22003017a 4500 | ||
|---|---|---|---|
| 003 | CHAP | ||
| 005 | 20220329134419.0 | ||
| 008 | 971013s1982 r 00010 d | ||
| 010 | _a20165 | ||
| 011 | _a21137 | ||
| 035 | _a25226 | ||
| 040 | _cCHAP | ||
| 090 | _aTesis | ||
| 100 | 0 | 0 |
_aAraiza Serna, Florencio Adolfo. _96466 |
| 245 | _aReporte de 184 casos con paresia post-parto en explotaciones intensivas lecheras en Tizayuca, Hidalgo, análisis de las causas, tratamientos y control | ||
| 260 |
_aMéxico, D.F. : _bEl autor, _c1982 |
||
| 300 |
_a54 h. _b; gráfs |
||
| 502 | _aTesis (Médico Veterinario Zootecnista) -- UNAM. Fac. de Medicina Veterinaria y Zootecnia | ||
| 590 |
_aALEPH _b10 _c20130110 _lUCH01 _h1243 |
||
| 590 |
_aBATCH-UPD _b10 _c20130110 _lUCH01 _h1659 |
||
| 590 |
_aCONVERSION _b10 _c20130109 _lUCH01 _h1312 |
||
| 650 | 1 | 4 |
_aGanado lechero _xEnfermedades. _945260 |
| 650 | 1 | 4 |
_aGanado lechero _xHidalgo. _945270 |
| 650 | 1 | 4 |
_aMetabolismo en rumiantes. _975155 |
| 901 | _aBK | ||
| 942 | _cTESIS | ||
| 949 |
_bBC _cTES _d-58133 _eTS1 _i25226 _si |
||
| 999 |
_c20165 _d20165 |
||